<?xml version="1.0" encoding="UTF-8"?>
<record
    xmlns:xsi="http://www.w3.org/2001/XMLSchema-instance"
    xsi:schemaLocation="http://www.loc.gov/MARC21/slim http://www.loc.gov/standards/marcxml/schema/MARC21slim.xsd"
    xmlns="http://www.loc.gov/MARC21/slim">

  <leader>02485nam a2200229 a 4500</leader>
  <controlfield tag="001">000000310</controlfield>
  <controlfield tag="005">20200929145324.0</controlfield>
  <controlfield tag="008">081127s2007    dr            000 0 spa d</controlfield>
  <datafield tag="040" ind1=" " ind2=" ">
    <subfield code="a">DO-SdBNP</subfield>
    <subfield code="b">spa</subfield>
    <subfield code="c">BNPHU</subfield>
  </datafield>
  <datafield tag="082" ind1=" " ind2=" ">
    <subfield code="a">346</subfield>
    <subfield code="b">C348i</subfield>
  </datafield>
  <datafield tag="100" ind1="1" ind2=" ">
    <subfield code="a">Castellanos Pizano, V&#xED;ctor Joaqu&#xED;n</subfield>
    <subfield code="9">1057</subfield>
  </datafield>
  <datafield tag="245" ind1="1" ind2="0">
    <subfield code="a">Instituciones de derecho civil /</subfield>
    <subfield code="c">V&#xED;ctor Joaqu&#xED;n Castellanos Pizano.</subfield>
  </datafield>
  <datafield tag="260" ind1=" " ind2=" ">
    <subfield code="a">Santo Domingo :</subfield>
    <subfield code="b">Trajano Potentini,</subfield>
    <subfield code="c">2007.</subfield>
  </datafield>
  <datafield tag="300" ind1=" " ind2=" ">
    <subfield code="a">540 p. ;</subfield>
    <subfield code="c">24 cm.</subfield>
  </datafield>
  <datafield tag="505" ind1="2" ind2=" ">
    <subfield code="t">Presentaci&#xF3;n --</subfield>
    <subfield code="t">La influencia del derecho franc&#xE9;s sobre el derecho dominicano --</subfield>
    <subfield code="t">El concubinato en la Rep&#xFA;blica Dominicana --</subfield>
    <subfield code="t">La responsabilidad por productos defectuosos --</subfield>
    <subfield code="t">La responsabilidad civil por el derecho ajeno --</subfield>
    <subfield code="t">La nueva responsabilidad civil delictual de los padres por los hechos de sus hijos menores en la Rep&#xFA;blica Dominicana --</subfield>
    <subfield code="t">El problema de la opci&#xF3;n entre las responsabilidades contractual y delictual, en derecho franc&#xE9;s y dominicano --</subfield>
    <subfield code="t">Precedentes de la sentencia del 17 de octubre del 2001, sobre uni&#xF3;n marital de hecho --</subfield>
    <subfield code="t">Corrupci&#xF3;n, justicia y seguridad ciudadanas --</subfield>
    <subfield code="t">La responsabilidad civil contractual especial de ingenieros y arquitectos --</subfield>
    <subfield code="t">Divorcios y plazo de apelaci&#xF3;n --</subfield>
    <subfield code="t">El error in substantia en materia de vicios del consentimiento --</subfield>
    <subfield code="t">La acci&#xF3;n pauliana --</subfield>
    <subfield code="t">El matrimonio putativo --</subfield>
    <subfield code="t">cambio de sexo --</subfield>
    <subfield code="t">Las nociones de caso fortuito y fuerza mayor --</subfield>
    <subfield code="t">Los vicios redhibitorios --</subfield>
    <subfield code="t">Incompatibilidad del caso fortuito y la falta --</subfield>
    <subfield code="t">Donaciones entre convenientes --</subfield>
    <subfield code="t">Da&#xF1;o moral por muerte de un animal dom&#xE9;stico --</subfield>
    <subfield code="t">La noci&#xF3;n de guardi&#xE1;n seg&#xFA;n el art. 1384 S 1 del c&#xF3;digo civil --</subfield>
    <subfield code="t">C&#xE9;dula de identidad y transferencia de inmuebles --</subfield>
    <subfield code="t">Los fallos jand'heur y manatico --</subfield>
    <subfield code="t">La teor&#xED;a de la imprevisi&#xF3;n --</subfield>
    <subfield code="t">Neocolonialismo jur&#xED;dico --</subfield>
    <subfield code="t">Res perit debitori --</subfield>
    <subfield code="t">Fecha de evaluaci&#xF3;n de da&#xF1;o y consecuencias de su agravamiento --</subfield>
    <subfield code="t">La ignorancia como factor suspensivo de la prescripci&#xF3;n extintiva --</subfield>
    <subfield code="t">El derecho de la retenci&#xF3;n --</subfield>
    <subfield code="t">Perspectivas de la responsabilidad civil extracontractual --</subfield>
    <subfield code="t">Las buenas costumbres --</subfield>
    <subfield code="t">Precisiones sobre la resiliaci&#xF3;n --</subfield>
    <subfield code="t">Contaminaci&#xF3;n s&#xF3;nica --</subfield>
    <subfield code="t">Las &#xE1;reas protegidas.</subfield>
  </datafield>
  <datafield tag="500" ind1=" " ind2=" ">
    <subfield code="a">Incluye referencias bibliograficas y notas al pie de las paginas</subfield>
  </datafield>
  <datafield tag="504" ind1=" " ind2=" ">
    <subfield code="a">Bibliograf&#xED;a: p. 497-540</subfield>
  </datafield>
  <datafield tag="590" ind1=" " ind2=" ">
    <subfield code="a">La biblioteca posee 2 ejemplares autografiados por el autor</subfield>
  </datafield>
  <datafield tag="590" ind1=" " ind2=" ">
    <subfield code="a">Inventariado,2018/DG</subfield>
  </datafield>
  <datafield tag="650" ind1=" " ind2="4">
    <subfield code="a">Derecho civil</subfield>
    <subfield code="z">Rep&#xFA;blica Dominicana</subfield>
    <subfield code="9">1058</subfield>
  </datafield>
  <datafield tag="910" ind1=" " ind2=" ">
    <subfield code="a">Validado. Control de calidad MFF</subfield>
  </datafield>
  <datafield tag="952" ind1=" " ind2=" ">
    <subfield code="0">0</subfield>
    <subfield code="1">0</subfield>
    <subfield code="5">2</subfield>
    <subfield code="7">5</subfield>
    <subfield code="8">DS</subfield>
    <subfield code="a">BNPHU</subfield>
    <subfield code="b">BNPHU</subfield>
    <subfield code="c">HD</subfield>
    <subfield code="d">2009-07-20</subfield>
    <subfield code="i">LF1</subfield>
    <subfield code="l">0</subfield>
    <subfield code="o">346 C348i</subfield>
    <subfield code="p">310-30</subfield>
    <subfield code="r">2020-06-25</subfield>
    <subfield code="t">e. 3</subfield>
    <subfield code="w">2020-06-25</subfield>
    <subfield code="y">LF1</subfield>
    <subfield code="Z">Pr&#xE9;stamo interno</subfield>
  </datafield>
  <datafield tag="952" ind1=" " ind2=" ">
    <subfield code="0">0</subfield>
    <subfield code="1">0</subfield>
    <subfield code="7">2</subfield>
    <subfield code="8">PD</subfield>
    <subfield code="a">BNPHU</subfield>
    <subfield code="b">BNPHU</subfield>
    <subfield code="c">HD</subfield>
    <subfield code="d">2009-07-11</subfield>
    <subfield code="i">LF1</subfield>
    <subfield code="l">0</subfield>
    <subfield code="o">346 C348i</subfield>
    <subfield code="p">310-10</subfield>
    <subfield code="r">2020-06-25</subfield>
    <subfield code="w">2020-06-25</subfield>
    <subfield code="y">LF1</subfield>
    <subfield code="Z">No se presta</subfield>
  </datafield>
  <datafield tag="952" ind1=" " ind2=" ">
    <subfield code="0">0</subfield>
    <subfield code="1">0</subfield>
    <subfield code="7">2</subfield>
    <subfield code="8">PD</subfield>
    <subfield code="a">BNPHU</subfield>
    <subfield code="b">BNPHU</subfield>
    <subfield code="c">HD</subfield>
    <subfield code="d">2009-07-11</subfield>
    <subfield code="i">LF1</subfield>
    <subfield code="l">0</subfield>
    <subfield code="o">346 C348i</subfield>
    <subfield code="p">310-20</subfield>
    <subfield code="r">2020-06-25</subfield>
    <subfield code="t">e. 2</subfield>
    <subfield code="w">2020-06-25</subfield>
    <subfield code="y">LF1</subfield>
    <subfield code="Z">No se presta</subfield>
  </datafield>
  <datafield tag="999" ind1=" " ind2=" ">
    <subfield code="c">309</subfield>
    <subfield code="d">309</subfield>
  </datafield>
</record>
